000 nam a22 a 4500
999 _c4244
_d4244
003 AKMAL
005 20170525161000.0
008 170525s1989 my a00 may d
020 _a9836206388
040 _aAKMAL
082 0 4 _a988.08 JAM
090 _a988.08
_bJAM
245 _aSyair Bidasari /
_cdiselenggarakan oleh Jamilah Hj. Ahmad
260 _aKuala Lumpur :
_bDewan Bahasa dan Pustaka,
_c1989
300 _axliv, 334ms. ;
_c22cm
504 _aBibliografi: ms.333-334
650 _aSyair
_97748
650 _aMalay poetry
_97739
700 0 _aJamilah Haji Ahmad,
_d1951-
_98302
942 _2ddc
_cBOOK